Burford UK Properties Ltd and Others v Forte Hotels (UK) Ltd (Formerly Trust House Forte) and Others (Record no. 74105)
[ view plain ]
| 000 -LEADER | |
|---|---|
| fixed length control field | 01626cab a2200217 4500 |
| 001 - CONTROL NUMBER | |
| control field | ABS67436 |
| 008 - FIXED-LENGTH DATA ELEMENTS--GENERAL INFORMATION | |
| fixed length control field | 040203n2003 000 0 eng u |
| 035 ## - SYSTEM CONTROL NUMBER | |
| System control number | (Sirsi) u124996 |
| 245 ## - TITLE STATEMENT | |
| Title | Burford UK Properties Ltd and Others v Forte Hotels (UK) Ltd (Formerly Trust House Forte) and Others |
| 260 ## - PUBLICATION, DISTRIBUTION, ETC. | |
| Date of publication, distribution, etc. | 2003 |
| 520 ## - SUMMARY, ETC. | |
| Summary, etc. | [2003] EWCA Civ 1800, 17 December 2003. The claimant landlord (B) appealed against a decision on the interpretation of the rent review provisions in a 99-year lease of a hotel in York. The lease provided for a rent review every 14 years, with the reviewed rent to be fixed by reference to Net Bedroom Revenue (NBR). NBR was to be accounted subject to the proviso that the tenant should use its best endeavours to obtain the maximum revenue from the use of bedrooms as sleeping accommodation. The judge held that this did not constitute a covenant by the tenant, holding that NBR was to be calculated on the hypothesis that the tenant had used its best endeavours to obtain the maximum revenue from the use of the bedrooms. B appealed. "Held" the appeal was dismissed as the judge's conclusion had been correct. View at www.courtservice.gov.uk. |
| 590 ## - LOCAL NOTE (RLIN) | |
| Local note | ABS |
| 650 ## - SUBJECT ADDED ENTRY--TOPICAL TERM | |
| Topical term or geographic name entry element | LEASES |
| 650 ## - SUBJECT ADDED ENTRY--TOPICAL TERM | |
| Topical term or geographic name entry element | RENT REVIEW PROVISIONS |
| 650 ## - SUBJECT ADDED ENTRY--TOPICAL TERM | |
| Topical term or geographic name entry element | HOTELS |
| 650 ## - SUBJECT ADDED ENTRY--TOPICAL TERM | |
| Topical term or geographic name entry element | BREACH OF COVENANT |
| 650 ## - SUBJECT ADDED ENTRY--TOPICAL TERM | |
| Topical term or geographic name entry element | BURFORD UK PROPERTIES LTD AND OTHERS V FORTE HOTELS (UK) LTD (FORMERLY TRUST HOUSE FORTE) AND OTHERS |
| 690 ## - LOCAL SUBJECT ADDED ENTRY--TOPICAL TERM (OCLC, RLIN) | |
| Topical term or geographic name as entry element | LANDLORD AND TENANT-BUSINESS TENANCIES-CASE LAW |
| 856 ## - ELECTRONIC LOCATION AND ACCESS | |
| Uniform Resource Identifier | <a href="https://www.courtservice.gov.uk/judgmentsfiles/j2167/burford.htm">https://www.courtservice.gov.uk/judgmentsfiles/j2167/burford.htm</a> |
| Public note | View judgment on the Court Service website... |
| 942 ## - ADDED ENTRY ELEMENTS (KOHA) | |
| Suppress in OPAC | 0 |
| Withdrawn status | Lost status | Source of classification or shelving scheme | Damaged status | Not for loan | Home library | Current library | Shelving location | Date acquired | Total Checkouts | Full call number | Barcode | Date last seen | Copy number | Price effective from | Koha item type |
|---|---|---|---|---|---|---|---|---|---|---|---|---|---|---|---|
| Dewey Decimal Classification | London | London | Journal article | 03/02/2004 | ABS67436 | 124996-1001 | 06/08/2019 | 1 | 06/08/2019 | Law report | |||||
| Dewey Decimal Classification | Virtual | Virtual | Online | 11/02/2004 | ONLINE | 124996-2001 | 06/08/2019 | 1 | 06/08/2019 | Law report |